000 01156nam0a22002771 4500
001 rc\3035021
005 20250806205640.0
035 _a(NLR Aleph) 007175700
090 _a68376
_c68376
100 _a20111003d1945 u y0rusy50 ca
101 0 _ager
_arus
102 _aRU
105 _ay e |||||
200 1 _aВоенный немецко-русский словарь
_eОколо 35000 слов и выражений из основных областей воен. дела, около 6000 сокращений, применяемых в воен. литературе
_fСост. проф. А.М. Таубе
205 _a5-е изд., перераб. и доп.
210 _aМосква
_cГос. изд-во иностр. и национальных словарей
_d1945
215 _a612 с.
_d20 см
700 1 _aТаубе
_bА.М.
_gАлександр Михайлович
801 0 _aRU
_bNLR
_gpsbo
801 1 _aRU
_bELAR
_2rusmarc
852 _aNLR
_j186нем-рус/воен.Т-23
942 _cBOOK
945 _aРоссийская национальная библиотека
980 _aNB
980 _aBV